000 00589nam a22001697a 4500
999 _c61792
_d61792
005 20240513130851.0
008 240513s2008 enk||||| |||| 00| 0 eng d
020 _a9780071381017x
041 _aeng
080 _a615.849 F-56
245 _aFirst Aid Radiology for the Wards :
_cLatha Ganti, Kaufman, S. Matthew, Stead, S. Matthew.
264 _aNew York :
_bMcGraw Hill / Medical,
_c2008.
700 _aGanti, Latha
_eავტორი
_921735
700 _aKaufman, Matthew S.
_eავტორი
_922072
700 _aStead, S. Matthew
_eავტორი
_922073
942 _2udc
_cBK